スマブラSP 2024.2 LumiRank穴埋め - Statistics

General Stats
  • This quiz has been taken 32 times
  • The average score is 26 of 50
Answer Stats
Rank Player Country % Correct
3 あcola/acola Japan
100%
2 ミーヤー/Miya Japan
100%
8 MkLeo Mexico
96%
1 Sparg0 Mexico
96%
25 てぃー/Tea Japan
96%
7 しゅーとん/Shuton Japan
89%
13 Glutonny France
85%
4 Light America
81%
5 Sonix Dominican Republic
81%
11 ドラ右/Doramigi Japan
78%
6 らる/Raru Japan
78%
26 KEN Japan
74%
9 あしも/Asimo Japan
67%
12 Hurt Japan
67%
28 アカキクス/Akakikusu Japan
63%
43 もつなべ/M0tsunabE Japan
63%
10 Tweek America
63%
21 Zomba America
63%
31 Riddles Canada
59%
19 スノー/Snow Japan
59%
18 ヨシドラ/Yoshidora Japan
59%
17 Maister Mexico
52%
33 ラリックス/Rarikkusu Japan
52%
24 ShinyMark Guatemala
52%
40 MASA Japan
48%
44 Sisqui Spain
48%
20 Kola America
44%
22 Onin America
44%
36 Lui$ America
41%
16 SHADIC America
41%
32 たまPだいふく/TamaPDaifuku Japan
37%
34 らき/Raki Japan
37%
27 りゅーおー/Ryuoh Japan
37%
45 シラユキ/Shirayuki Japan
37%
14 Syrup America
37%
50 Lv.1 Japan
33%
23 Marss America
33%
38 たいけい/Taikei Japan
30%
39 WaKa Mexico
30%
49 33ぺらんbox/33peranBOX Japan
22%
46 AlanDiss Mexico
22%
30 BeastModePaul America
22%
15 Lima America
22%
29 アリス/alice Japan
19%
37 ネイビー/Navy Japan
19%
42 Peabnut America
19%
35 Wrath America
19%
47 ふい/Fui Japan
15%
48 Jahzz0 America
15%
41 しん/Sin Japan
11%
No matching quizzes found
Score Distribution
Percent of People with Each Score
Percentile by Number Answered
Your Score History
You have not taken this quiz